Presvedčivé výsledky Jesenná mimovegetačná závlaha pozemkov - prínosom pre kukuricu

Bibliographic Details
Main Author: Truksa, Juraj (Author)
Format: Article
Language:Slovak
Subjects:

MARC

LEADER 00000nab a2200000 a 4500
001 vtls000290270
003 SK-MaSNL
005 20260302220629.0
008 111201c1987 xo 0 slo
015 |a SNBRB19rr/mm-uuuuu 
035 |a CL0300389 
040 |a SNKBUCL  |b slo  |c SNKBUCL  |e AACR2 
041 0 |a slo 
044 |a xo  |c SK 
080 |a 633.15:631.547.5:631.675  |2 1981 
080 |a 631.547.5  |2 1981 
080 |a 631.675  |2 1981 
080 |a 633.15  |2 1981 
100 1 |a Truksa, Juraj  |4 aut  |9 627408 
245 1 0 |a Presvedčivé výsledky  |b Jesenná mimovegetačná závlaha pozemkov - prínosom pre kukuricu  |c Juraj Truksa 
650 0 7 |a kukurica  |2 snkbucl  |9 16138 
650 0 7 |a závlahy  |2 snkbucl  |9 13225 
655 7 |a články z novín a časopisov  |2 snkbucl  |9 267496 
773 0 |t Roľnícke noviny  |g Roč. 42, č. 210 (8. 9. 1987) 
850 |a Slovenská národná knižnica v Martine  |a MTA001 
852 |a SNK  |b KIS3GCP 
958 |a RK 
992 |a RBX 
999 |c 1507817  |d 1509747